| 000 | 00731nam a22002057a 4500 | ||
|---|---|---|---|
| 999 |
_c10027 _d10027 |
||
| 003 | AR-CdUCM | ||
| 008 | 190329b ||||| |||| 00| 0 spa d | ||
| 040 |
_aMUNICIPALIDAD PROVINCIAL DEL CUSCO _cBIBLIOTECA MUNICIPAL DEL CUSCO |
||
| 082 |
_a889.56 / _bH63D / 1937 |
||
| 100 |
_aHidalgo, Alberto _95809 |
||
| 245 |
_aDiario de mi sentimiento : _b1922-1936 / |
||
| 260 |
_aBuenos Aires : _bTall. Gráf. Excelsior, _c1937. |
||
| 300 |
_a371 paginas ; _c24 cm. |
||
| 505 | _aContenido :Mareado a fuego / Filosofía de cualquier barba / Mortalidad de las palabras / Trastienda del Alemán ... | ||
| 650 |
_aLiteratura peruana _9169 |
||
| 650 |
_aEnsayos _9375 |
||
| 650 |
_aSiglos XX _910620 |
||
| 942 |
_2ddc _cLIBROS |
||
| 945 | _arjall | ||